Регионална библиотека "Любен Каравелов" - Русе

Въпроси на биотехнологията (Запис номер 56476)

MARC детайли
000 -Лидер
Контролно поле с фиксирана дължина 01779nam a2200325 c 4500
003 - Код на организацията, давaща контролен номер
Контролно поле BLK
005 - Дата и час на последна редакция
Контролно поле 20180420222608.0
008 - Елементи от данни с фиксирана дължина
fixed length control field 180408b bul|||||r ||||||| ||bul||
010 ## - Наследен системен номер
LC control number KNG00060457000
040 ## - Източник на каталожния запис
Идентификатор на билиотеката - собственик на записа BLK
041 ## - Код за език
Код за езика на текст/звукозапис или на отделно заглавие Български
Код за езика КДБФ Български
080 ## - УДК
Текстов определител УДК Приложна биология въобще. Биотехнология. Генно инженерство. - Общи въпроси
УДК код - определител по УДК 573.6
УДК определител
УДК - код + определител 573.6
139 ## - Редно поле
Редна дума Въпроси на биотехнологията
Авторски знак
245 10 - Сведения за заглавието
Заглавие Въпроси на биотехнологията
Подзаглавни данни Сб. статии
Редно поле (дума) под отг. ред. на Ангел Стефанов Баев; прев. от рус. Ангел Василев.
257 ## - Страна на издаване
Страна на създаване/издаване СССР
260 ## - Област на издателските данни
-- София
Име на издателя, разпространителя и проч. Земиздат
Година на издаване 1988
300 ## - Физическа характеристика
Страници 360 с.
Илюстрации и др. с табл., сх., диагр.
Размери/Мащаб 20 см
380 ## - Жанр
Жанр Естествени науки. Математика
490 1# - СЕРИИ (Колекции)
Име на серия Биотехнология
500 ## - Общи забележки
Забележка Ориг. загл. Биотехнология. - Други прев.: К. Ганчев, Р. Димков, Т. Екимова, Ст. Крайчев. - Библиогр. след отд- статии ; Речник на термините. - Съдържа Техническа микробиология ; Техническа биохимия и инженерна ензимология ; Генетично инженерство ; Клетъчно инженерство.
650 #4 - Допълнително описание по предмет – тема
Основно описание – тема или топоним Биотехнологии
9 (RLIN) 148733
653 ## - Ключова дума – ненормативна
Ключова дума биотехнологии
700 1# - Други автори (авторска отговорност)
Лично име Баев, Ангел Стефанов
Автороска отговорност (Описва отношението между автора и произведението) под отг. ред. на
9 (RLIN) 286905
700 1# - Други автори (авторска отговорност)
Лично име Василев, Ангел
Автороска отговорност (Описва отношението между автора и произведението) прев. от рус.
9 (RLIN) 286906
852 ## - Местоположение
Форматна сигнатура Цб 154537
856 4# - Електронен адрес и достъп
Електронен формат pdf - файл
Път до файла /url/
856 4# - Електронен адрес и достъп
Електронен формат pdf - файл
Път до файла /url/
942 ## - АРТИКУЛИ
Вид на библиотечния материал Книги
Скрит в OPAC Не
944 ## - СЪЗДАВАНЕ И РЕДАКЦИЯ на ЗАПИСА
Създаване/Редакция Създаване
Дата на регистрацията/редакция 13.06.2004
Служител, извършил регистрацията/редакцията Читалня
944 ## - СЪЗДАВАНЕ И РЕДАКЦИЯ на ЗАПИСА
Създаване/Редакция Редакция
Дата на регистрацията/редакция 11.08.2015
Служител, извършил регистрацията/редакцията Милена_Ачева
999 ## - СИСТЕМНИ КОНТРОЛНИ НОМЕРА
Koha biblionumber 56476
Koha biblioitemnumber 56476
Наличности
Код за отписване Код за изгубен артикул Източник на класификационната схема Код за повреда Коз за рестрикции Код за отдаване Артикулен № Име на библиотеката - собственик Име на библиотеката, в която се намира в момента Статус (Текущо местоположение) Дата на вписване в системата Местоположение - отдел Цена в лева Инвентарен номер Систематично азбучна сигнатура Баркод Номер на екземпляра Цена в евро Служебна бележка Служебен тип на артикула
Изтеглен Не е изгубен Universal Decimal Classification Не е повреден без рестрикции ползва се в читалня 89669 Регионална библиотека "Любен Каравелов" Русе Регионална библиотека "Любен Каравелов" Русе Читалня 1993-01-01 Читалня 2.72 507660 Ч 573/В96 507660 1 1.39 Дата инв: 16.03.2017 Бележки инв: Ч2017 Книги
  Не е изгубен Universal Decimal Classification Не е повреден без рестрикции ползва се в читалня 89670 Регионална библиотека "Любен Каравелов" Русе Регионална библиотека "Любен Каравелов" Русе Хранилище 1988-01-01 Хранилище 2.72 506084 Цб 154537 120000506084 2 1.39 Дост: Dp Вид: Д N: стар фонд Дата: 01.01.1988 Книги
Изтеглен Не е изгубен Universal Decimal Classification Не е повреден без рестрикции заемане за дома 89671 Регионална библиотека "Любен Каравелов" Русе Регионална библиотека "Любен Каравелов" Русе Заемна - подръчен фонд 1988-01-01 Заемна - подръчен фонд 2.72 507658 П 573/В96 507658 3 1.39 Вид: Сф N: стар фонд Дата: 01.01.1988 Книги
Vip Innovations Ltd, Rousse, Bulgaria 2025